Wszystkie utwory z płyty Kaz Bałagane - ,,Cock.0z Mixtape" - Statystyki

Ogólne statystyki
  • Ten quiz został rozwiązany 77 razy
  • Średni wynik to 10 z 24
Statystyki odpowiedzi
Nr. Nazwa % Poprawnych
8. Blueface
66%
3. Ananas
58%
16. Lotto
48%
1. Mgła
46%
4. Money Mitch
46%
13. Audemars
45%
7. Milionerek skit
45%
12. Dorex
43%
10. Miodek
43%
5. Multi Pochette
42%
2. Opalony Cham
42%
22. Włóczęga
42%
23. Dodatkowe Jajko
38%
17. Szafa
38%
19. Tudej
38%
18. Szukam cienia
37%
24. Pomówienia
35%
6. W materiale
35%
9. Trapster
34%
15. To Idzie
32%
14. Insalata Mista (po co)
31%
21. Sparing
31%
20. Shopping
29%
11. Srebrna sukienka
29%
Nie znaleziono quizów pasujących do podanych kryteriów
Rozkład punktacji
Procent ludzi z każdym wynikiem
Percentyl według liczby udzielonych odpowiedzi
Twoja historia wyników
Nie rozwiązałeś tego quizu